000 00468nam a2200181Ia 4500
001 23403
005 20260414150935.0
008 260414t2017||||xx |||||||||||||| ||spa||
041 _aESP
082 _a641.5985
_bA49 T. 1
100 _aÁlvarez Novoa, Isabel,
_eAUT
245 0 _aPicanterías y chicherías del Perú :
_batrimonio cultural de la nación
260 _c2017
300 _a
_c24 cm.
650 _aGEN
654 _aCHU
942 _cLIB
_dJUS
_fJUS
_2ddc
_n
999 _c23403
_d23403